रेडियो जॉक्-ईंग की कला / (Record no. 33259)

MARC details
000 -LEADER
fixed length control field 01248nam a22002537a 4500
005 - DATE AND TIME OF LATEST TRANSACTION
control field 20091219110145.0
008 - FIXED-LENGTH DATA ELEMENTS--GENERAL INFORMATION
fixed length control field 091209t xxu||||| |||| 00| 0 hin d
010 ## - LCCN (DPL NO)
LC control number HIN-88834
020 ## - INTERNATIONAL STANDARD BOOK NUMBER
Terms of availability 400.00
International Standard Book Number 9788179651728
035 ## - SYSTEM CONTROL NUMBER
System control number HN-61180
037 ## - SOURCE OF ACQUISITION
Source of stock number/acquisition DBAD / PUB
040 ## - CATALOGING SOURCE
Original cataloging agency DPL
Language of cataloging HN
082 ## - DEWEY DECIMAL CLASSIFICATION NUMBER
Classification number 791.447
100 ## - MAIN ENTRY--PERSONAL NAME
Personal name हरिमोहन
245 ## - TITLE STATEMENT
Title रेडियो जॉक्-ईंग की कला /
Statement of responsibility, etc हरिमोहन
246 ## - VARYING FORM OF TITLE
Title proper/short title The Art of Radio Jockeying /
Remainder of title by Hari Mohan
260 ## - PUBLICATION, DISTRIBUTION, ETC. (IMPRINT)
Place of publication, distribution, etc नई दिल्ली
Name of publisher, distributor, etc तक्षशिला प्रकाशन
Date of publication, distribution, etc 2009
270 ## - ADDRESS
Address 98-ए, हिन्दी पार्क, दरियागंज
City नई दिल्ली
Postal code 110002
Telephone number 011 43528469, 23258802, 65285328
Electronic mail address taxshilabooks@gmail.com
Fax number 011 23258802
300 ## - PHYSICAL DESCRIPTION
Extent 148पृ
Dimensions 18सेमी (अजिल्द)
650 ## - SUBJECT ADDED ENTRY--TOPICAL TERM
Topical term or geographic name as entry element रेडियो कार्यक्रम
General subdivision सुवक्ता
650 ## - SUBJECT ADDED ENTRY--TOPICAL TERM
Topical term or geographic name as entry element Radio programs
General subdivision Orator
942 ## - ADDED ENTRY ELEMENTS (KOHA)
Source of classification or shelving scheme Dewey Decimal Classification
Item type Hindi Books
Classification part 791.447
Call number suffix हरिमो
Holdings
Withdrawn status Lost status Source of classification or shelving scheme Damaged status Not for loan Collection code Home library Current library Date acquired Source of acquisition Cost, normal purchase price Total Checkouts Full call number Barcode Date last seen Copy number Cost, replacement price Koha item type
    Dewey Decimal Classification   Not For Loan Non-fiction D.B.Act.Division D.B.Act.Division 19/12/2009 DBAD / PUB 400.00   791.447 हरिमो HN-61180 19/12/2009 1 400.00 Hindi Books

© Delhi Public Library
Hit Counter
free hit counter